[Event "XXIV ProAm Copa Clarin 2017"]
[Site "Villa Martelli"]
[Date "2017.10.02"]
[Round "3.30"]
[White "Katopodis, Santiago"]
[Black "Sola, Jose Antonio"]
[Result "0-1"]
[WhiteElo "1485"]
[BlackElo "1692"]
[Annotator "NA RC"]
[PlyCount "83"]
[EventDate "2017.??.??"]
[EventType "swiss"]
[EventCountry "ARG"]
[SourceTitle "playchess.com"]
[Source "ChessBase"]
[SourceQuality "1"]
[TimeControl "5400+30"]

1. e4 d6 2. d4 g6 3. Nf3 Bg7 4. Be2 Nf6 5. Nc3 a6 6. h3 b5 7. a3 Bb7 8. Bd3 O-O 9. O-O c5 10. dxc5 dxc5 11. e5 Nd5 12. Nxd5 Qxd5 13. Bf4 e6 14. Re1 Nc6 15. b3 Rfd8 16. Be4 Qxd1 17. Raxd1 h6 18. g4 g5 19. Bg3 Rxd1 20. Rxd1 Rd8 21. Rxd8+ Nxd8 22. Bxb7 Nxb7 23. Kf1 Na5 24. Ke2 Nc6 25. Ke3 Bf8 26. c3 Be7 27. Nd2 b4 28. cxb4 cxb4 29. a4 Bc5+ 30. Ke4 Na5 31. f4 Kg7 32. fxg5 hxg5 33. h4 gxh4 34. Bxh4 Kf8 35. Bd8 Nc6 36. Bc7 Ke8 37. Nc4 Kd7 38. Bd6 Bxd6 39. Nxd6 Ke7 40. Nc4 f6 41. g5 fxg5 42. Ne3 0-1

[Event "XXIV ProAm Copa Clarin 2017"]
[Site "Villa Martelli"]
[Date "2017.10.02"]
[Round "3.31"]
[White "Doval, Oscar"]
[Black "Amedei, Hugo"]
[Result "1-0"]
[WhiteElo "1691"]
[BlackElo "1541"]
[Annotator "NA RC"]
[PlyCount "51"]
[EventDate "2017.??.??"]
[EventType "swiss"]
[EventCountry "ARG"]
[SourceTitle "playchess.com"]
[Source "ChessBase"]
[SourceQuality "1"]
[TimeControl "5400+30"]

1. e4 e6 2. d4 d5 3. Nc3 dxe4 4. Nxe4 Nf6 5. Bg5 Be7 6. Bxf6 Bxf6 7. c3 Nd7 8. Nf3 Be7 9. Bd3 b6 10. O-O Bb7 11. Qe2 O-O 12. Rad1 Nf6 13. Ne5 Qd5 14. Rfe1 Rfd8 15. c4 Qa5 16. Nxf6+ Bxf6 17. Bxh7+ Kf8 18. Nxf7 Rd7 19. Ne5 Re7 20. Ng6+ Ke8 21. Nxe7 Qg5 22. f4 Qxf4 23. Qxe6 Bxd4+ 24. Rxd4 Qxd4+ 25. Qe3 Qxb2 26. Nc6+ 1-0

[Event "XXIV ProAm Copa Clarin 2017"]
[Site "Villa Martelli"]
[Date "2017.10.02"]
[Round "3.32"]
[White "Duran, Diego"]
[Black "Pucheta, Maximiliano"]
[Result "1-0"]
[WhiteElo "1667"]
[BlackElo "1490"]
[Annotator "NA RC"]
[PlyCount "43"]
[EventDate "2017.??.??"]
[EventType "swiss"]
[EventCountry "ARG"]
[SourceTitle "playchess.com"]
[Source "ChessBase"]
[SourceQuality "1"]
[TimeControl "5400+30"]

1. e4 e5 2. Nf3 Nc6 3. Bb5 Nf6 4. O-O Be7 5. Re1 d6 6. h3 Bd7 7. c3 O-O 8. d4 Re8 9. d5 Nb8 10. Bxd7 Nbxd7 11. Bg5 Nb6 12. Nbd2 Qd7 13. a4 a5 14. b3 Rf8 15. Nf1 Ne8 16. Be3 Nf6 17. Ng3 Bd8 18. Nh2 Re8 19. Qf3 Be7 20. Nf5 Bf8 21. Bg5 Qd8 22. Ng4 1-0

[Event "XXIV ProAm Copa Clarin 2017"]
[Site "Villa Martelli"]
[Date "2017.10.02"]
[Round "3.33"]
[White "Gomez Martinez, Juan Carlos"]
[Black "Viegas Palermo, Jose"]
[Result "1-0"]
[WhiteElo "1643"]
[BlackElo "1295"]
[Annotator "NA RC"]
[PlyCount "51"]
[EventDate "2017.??.??"]
[EventType "swiss"]
[EventCountry "ARG"]
[SourceTitle "playchess.com"]
[Source "ChessBase"]
[SourceQuality "1"]
[TimeControl "5400+30"]

1. e4 c5 2. d4 e6 3. Nf3 d5 4. exd5 exd5 5. Be2 Be7 6. O-O Nf6 7. dxc5 Bxc5 8. Bg5 O-O 9. Nc3 Be6 10. Qd2 Be7 11. Rad1 Qc8 12. Nd4 Nc6 13. Rfe1 Nxd4 14. Qxd4 Bc5 15. Qh4 Ng4 16. Bxg4 Bxg4 17. Rxd5 f6 18. Be3 Bxe3 19. Rxe3 f5 20. h3 f4 21. Re7 Bxh3 22. Qxh3 Qc6 23. Rdd7 Qg6 24. Qe6+ Qxe6 25. Rxg7+ Kh8 26. Rxh7+ 1-0

[Event "XXIV ProAm Copa Clarin 2017"]
[Site "Villa Martelli"]
[Date "2017.10.03"]
[Round "4"]
[White "Perez Ponsa, Federico"]
[Black "Slipak, Sergio"]
[Result "1-0"]
[WhiteElo "2588"]
[BlackElo "2437"]
[Annotator "TA"]
[PlyCount "89"]
[EventDate "2017.??.??"]
[EventType "swiss"]
[EventCountry "ARG"]
[SourceTitle "playchess.com"]
[Source "ChessBase"]
[SourceQuality "1"]

{[%evp 9,89,26,21,28,32,33,35,31,29,6,25,12,16,0,15,6,3,0,0,-21,0,-16,21,22,15,22,29,24,24,28,31,30,33,6,93,78,83,82,86,77,109,109,120,103,110,106,121,123,187,187,182,182,191,180,180,177,205,207,375,277,378,378,359,354,983,910,974,960,986,947,5820,5729,5289,3090,29974,29975,29974,29976,29975,29976,29977,29978]} 1. e4 c5 2. Nc3 Nc6 3. Nge2 e5 4. Nd5 Nge7 5. Nec3 Nxd5 6. Nxd5 {B23: Closed Sicilian: Lines without g3} Be7 7. Bc4 O-O 8. O-O {White is slightly better.} d6 9. a3 (9. d3 Bg5 10. f4 exf4 11. Bxf4 Ne5 12. Bxe5 dxe5 13. Kh1 Kh8 14. Qe2 Qd6 15. Ne3 Bxe3 16. Qxe3 Be6 17. b3 {½-½ (41) Tiviakov,S (2674)-Neverov,V (2502) St Petersburg 2012}) 9... Rb8 10. d3 b5 $146 ({Predecessor:} 10... Bg5 11. f4 exf4 12. Bxf4 Be6 13. Qh5 h6 14. Bxg5 Qxg5 15. Qxg5 hxg5 16. Rf2 b5 17. Ba2 {0-1 (39) Privoznik,L (1671)-Potapov,P (2434) Plzen 2012}) 11. Ba2 Be6 12. f4 exf4 13. Bxf4 Bg5 14. Qh5 h6 15. g3 Ne5 16. Bxe5 dxe5 17. h4 $36 {[%mdl 2048] White has some pressure.} Be7 18. Nxe7+ Qxe7 19. Qxe5 {Black must now prevent Rxf7!} c4 20. dxc4 Qd7 21. Rfd1 Qc8 (21... Qb7 $1 $11 {keeps the balance.}) 22. c5 $16 {Strongly threatening Bxe6.} Bxa2 23. Rxa2 Qg4 {[#]} 24. Re1 $1 Rfe8 25. Qf4 Qe6 {[#]} 26. Raa1 $1 Qc4 27. Qf2 Rbc8 28. b4 Rxe4 (28... a5 $16) 29. Rxe4 $18 Qxe4 $16 {[%mdl 4096] Endgame KQR-KQR} 30. Re1 Qd5 31. Qe2 a6 32. Qd3 Qa8 33. Re7 a5 $2 (33... Rf8 34. Rd7 Qc6) 34. Qe4 axb4 35. Qxa8 Rxa8 36. axb4 $18 {KR-KR} Ra3 $2 {[#]} (36... f6 37. c6 Kf8) 37. c4 $1 {[%mdl 512]} Kf8 (37... bxc4 38. Re8+) 38. Re4 f5 39. Rd4 bxc4 40. c6 Ke7 41. c7 Ra8 42. Rxc4 {White mates.} Kd7 {[#]} 43. c8=Q+ $1 {[%mdl 512]} Rxc8 44. Rxc8 Kxc8 45. h5 {Precision: White = 70%, Black = 43%.} 1-0

[Event "XXIV ProAm Copa Clarin 2017"]
[Site "Villa Martelli"]
[Date "2017.10.03"]
[Round "4"]
[White "Flores, Diego"]
[Black "Mareco, Sandro"]
[Result "1-0"]
[WhiteElo "2580"]
[BlackElo "2649"]
[Annotator "TA"]
[PlyCount "65"]
[EventDate "2017.??.??"]
[EventType "swiss"]
[EventCountry "ARG"]
[SourceTitle "playchess.com"]
[Source "ChessBase"]
[SourceQuality "1"]

{[%evp 12,65,15,8,9,4,6,6,24,27,33,27,24,27,24,10,36,30,48,22,27,10,64,62,56,42,81,67,80,62,64,50,66,65,63,62,129,128,135,135,132,120,131,92,136,136,130,133,159,160,155,161,427,421,406,404]} 1. c4 e5 2. e3 Nf6 3. Nc3 Bb4 4. Nge2 c6 5. a3 Ba5 6. b4 {A22: English Opening: 1...e5 2 Nc3 Nf6} Bc7 7. Bb2 {LiveBook: 13 Games} Qe7 $146 ({Predecessor:} 7... O-O 8. Ng3 Re8 9. c5 d5 10. cxd6 Bxd6 11. Qc2 a5 12. b5 {0-1 (35) Aronian,L (2792)-Anand,V (2784) Zuerich 2016}) 8. g3 {The position is equal.} O-O 9. Bg2 Rd8 10. d4 d5 11. cxd5 cxd5 12. dxe5 Bxe5 13. O-O Nc6 14. Re1 $36 {[%mdl 2048] Black is under pressure.} Be6 15. Na4 {[%cal Bc3a4,Ba4b2,Bb2d3][%mdl 32]} Bxb2 16. Nxb2 Ne4 (16... Rac8 $11) 17. Nd3 $14 Qf6 18. Rc1 a6 19. Nef4 Ne5 20. Nxe5 Qxe5 21. Qd4 Qxd4 22. exd4 Rac8 23. Rxc8 Bxc8 {[#]} (23... Rxc8 $14 24. Bxe4 (24. Nxe6 fxe6 25. f3 Nd6 $16) 24... dxe4) 24. Nxd5 $1 $16 {[%mdl 512]} Nd6 (24... Rxd5 25. Rxe4) 25. Nb6 Kf8 26. a4 Bf5 27. h3 g5 28. Rc1 Re8 29. g4 Be4 30. Rc7 Bxg2 31. Kxg2 Re4 $2 {[#]} (31... Re7 {was called for.} 32. Rc5 h6) 32. Nd7+ $18 Kg7 33. Nc5 $1 {[%csl LRb7,LRe4] Precision: White = 71%, Black = 47%.} 1-0

[Event "XXIV ProAm Copa Clarin 2017"]
[Site "Villa Martelli"]
[Date "2017.10.03"]
[Round "4"]
[White "Dolezal, Cristian"]
[Black "Mosconi, Ariel"]
[Result "1-0"]
[WhiteElo "2423"]
[BlackElo "2077"]
[Annotator "TA"]
[PlyCount "107"]
[EventDate "2017.??.??"]
[EventType "swiss"]
[EventCountry "ARG"]
[SourceTitle "playchess.com"]
[Source "ChessBase"]
[SourceQuality "1"]

{[%evp 9,107,2,7,0,16,14,34,27,34,34,34,38,43,47,65,54,84,72,84,87,78,80,113,99,113,109,132,136,141,131,135,107,120,98,82,39,27,25,143,137,209,169,191,189,207,197,285,290,260,234,269,267,258,270,264,256,237,142,252,222,427,449,376,440,852,841,830,804,898,871,1120,1157,1647,1629,2389,2280,2225,1946,1747,1639,2381,2240,6157,5544,29987,29988,29988,29989,29988,29989,29989,29990,29990,29991,29992,29991,29991,29992,29992,29993]} 1. g3 d6 (1... d5 2. Nf3 g6 3. Bg2 Bg7 4. O-O e5 5. d3 Nc6 6. Nc3 d4 7. Ne4 Nge7 8. c3 O-O 9. cxd4 exd4 10. Bd2 a5 11. Qc1 b6 12. Bg5 f6 13. Bh6 Be6 {½-½ (44) Karjakin,S (2773)-Nakamura,H (2792) Saint Louis 2017}) 2. Bg2 c6 3. d4 {[%cal Bd2d4,Bd4d5][%mdl 32]} Qc7 4. c4 e5 5. d5 Nf6 6. Nc3 {A00: Irregular Openings} Be7 7. e4 Nbd7 8. Nge2 {White is slightly better.} O-O 9. O-O cxd5 $146 ({Predecessor:} 9... Re8 10. h3 Bf8 11. Be3 a5 12. Rb1 cxd5 13. cxd5 Nc5 {1-0 (43) Mager,D (2258)-Boeddeker,H (1985) Hofheim 2015}) 10. cxd5 a6 11. a4 Nb6 12. b3 Bg4 13. f3 Bh5 14. Be3 Nbd7 15. Qd2 Bd8 16. Rfc1 Qb8 17. Nd1 b5 18. Rc6 Nc5 19. Nc1 bxa4 20. bxa4 Nfd7 21. g4 Bg6 22. Nc3 Ba5 23. Qc2 {Rb1 is the strong threat.} Bxc3 (23... Qb4 $11 {remains equal.} 24. N1a2 Qa3) 24. Qxc3 $16 Ra7 (24... a5 $16 {is a better defense.} 25. Nd3 f6 26. Nxc5 (26. Bxc5 dxc5 27. Bf1 Rc8 $16) 26... Nxc5) 25. Nd3 $18 Nxd3 26. Qxd3 Rb7 27. Qxa6 Rb1+ (27... Rb2 $142) 28. Rxb1 Qxb1+ 29. Rc1 Qb3 30. Bf2 Nc5 31. Bxc5 ({Don't do} 31. Qxd6 $6 Nd3 $16) 31... dxc5 32. Qc4 Qe3+ 33. Kf1 ({White should try} 33. Kh1 $18) 33... Rc8 (33... h5 $16 {might work better.}) 34. Qc3 $40 {[%mdl 128] White attacks with force.} Qd4 $2 (34... Qxc3 {was worth a try.} 35. Rxc3 f6) 35. Qxd4 exd4 {[%mdl 4096] Endgame KRB-KRB} 36. d6 f5 {[#]} (36... Kf8 $142 37. d7 Rb8 38. Rxc5 Ke7) 37. Rxc5 $3 {[%mdl 512]} Rd8 (37... Rxc5 38. d7) 38. gxf5 {[%cal Bg4f5,Bf5f6][%mdl 32]} Be8 39. e5 g6 40. f6 h5 41. f4 Bxa4 42. Bd5+ Kh7 43. Rc7+ Kh6 44. Be4 Bb5+ 45. Ke1 Bd7 46. h4 Bf5 47. Bxf5 {White mates.} gxf5 {KR-KR} 48. Kd2 Kg6 49. Kd3 Ra8 50. Kxd4 Ra4+ 51. Kd5 Rxf4 52. Rc4 Rxc4 53. Kxc4 f4 54. d7 {Precision: White = 89%, Black = 33%.} 1-0

[Event "XXIV ProAm Copa Clarin 2017"]
[Site "Villa Martelli"]
[Date "2017.10.03"]
[Round "4"]
[White "Ferrara, Enzo"]
[Black "De Dovitiis, Alejo"]
[Result "0-1"]
[WhiteElo "2152"]
[BlackElo "2338"]
[Annotator "TA"]
[PlyCount "60"]
[EventDate "2017.??.??"]
[EventType "swiss"]
[EventCountry "ARG"]
[SourceTitle "playchess.com"]
[Source "ChessBase"]
[SourceQuality "1"]

{[%evp 11,60,37,35,14,24,27,30,21,25,-14,-13,-8,4,-8,-8,-16,-16,-295,-292,-372,-370,-352,-362,-357,-348,-322,-313,-332,-341,-397,-385,-384,-380,-382,-383,-390,-391,-395,-396,-428,-428,-428,-428,-539,-492,-675,-530,-519,-439,-815,-743]} 1. c4 e5 2. Nc3 Nf6 3. e3 d6 4. g3 Be7 5. Bg2 O-O 6. Nge2 {A22: English Opening: 1...e5 2 Nc3 Nf6} c6 {LiveBook: 11 Games} 7. O-O (7. d4 Qc7 8. O-O Re8 9. h3 h6 10. g4 Nbd7 11. Ng3 Nf8 12. f4 N6h7 13. fxe5 dxe5 14. d5 Bh4 15. Nge4 {½-½ (52) Pacher,M (2448)-Vajda,L (2599) Dunajska Streda 2017}) 7... Be6 8. b3 {White has an edge.} d5 9. cxd5 cxd5 10. d4 e4 $1 11. Nf4 Qd7 $146 ({Predecessor:} 11... Bf5 12. f3 Bb4 13. Bb2 {0-1 (34) Kudriashova,I (2085)-Lopatskaya,E (2240) Moscow 1997}) 12. Nxe6 Qxe6 13. Nb5 {Hoping for Nc7.} Rc8 14. Ba3 $2 {[%mdl 8192] [#]} (14. Bd2 $11 {and White has nothing to worry.}) 14... a6 $1 $19 15. Rc1 Rxc1 ({Worse is} 15... axb5 16. Rxc8+ Qxc8 17. Bxe7 $11) 16. Qxc1 {aiming for Nc7.} axb5 17. Bxe7 Qxe7 18. Qc8+ Qe8 19. Qxb7 Qc6 ({Not} 19... Rxa2 20. Rc1 $16) 20. Qe7 Nbd7 21. a3 Qc3 22. Bh3 Nf8 23. Qb7 Rxa3 24. Qxb5 Rxb3 25. Qa4 Ra3 {Black is clearly winning.} 26. Qd1 h5 27. Bg2 Ra2 28. h3 Ne6 29. Qb1 Qb2 30. Qd1 (30. Qxb2 $142 Rxb2 31. h4) 30... g6 {Precision: White = 28%, Black = 83%.} 0-1

[Event "XXIV ProAm Copa Clarin 2017"]
[Site "Villa Martelli"]
[Date "2017.10.03"]
[Round "4"]
[White "Godoy, Luciano"]
[Black "Llanos, Guillermo"]
[Result "1/2-1/2"]
[WhiteElo "2105"]
[BlackElo "2305"]
[Annotator "ChessBase"]
[PlyCount "89"]
[EventDate "2017.??.??"]
[EventType "swiss"]
[EventCountry "ARG"]
[SourceTitle "playchess.com"]
[Source "ChessBase"]
[SourceQuality "1"]
[TimeControl "5400+30"]

1. e4 {[%emt 0:00:00]} d5 {[%emt 0:00:55]} 2. exd5 {[%emt 0:00:06]} Qxd5 {[%emt 0:00:08]} 3. Nc3 {[%emt 0:00:14]} Qd8 {[%emt 0:00:06]} 4. d4 {[%emt 0:00:38]} Nf6 {[%emt 0:00:06]} 5. Nf3 {[%emt 0:00:45]} Bg4 {[%emt 0:00:09]} 6. h3 {[%emt 0:01:19]} Bxf3 {[%emt 0:00:04]} 7. Qxf3 {[%emt 0:00:08]} c6 {[%emt 0:00:03]} 8. Be3 {[%emt 0:00:16]} e6 {[%emt 0:00:06]} 9. Bd3 {[%emt 0:03:43]} Bb4 {[%emt 0:00:05]} 10. O-O {[%emt 0:01:53]} O-O {[%emt 0:00:25]} 11. Ne4 {[%emt 0:06:15]} Nbd7 {[%emt 0:01:32]} 12. Rad1 {[%emt 0:08:53]} Nxe4 {[%emt 0:01:01]} 13. Qxe4 {[%emt 0:00:17]} Nf6 {[%emt 0:00:04]} 14. Qh4 {[%emt 0:00:37]} Be7 {[%emt 0:01:50]} 15. Rfe1 {[%emt 0:06:12]} Re8 {[%emt 0:02:36]} 16. c4 {[%emt 0:07:56]} g6 {[%emt 0:01:46]} 17. Qg3 {[%emt 0:08:03]} a5 {[%emt 0:04:28]} 18. Qf3 {[%emt 0:05:10]} a4 {[%emt 0:01:01]} 19. h4 {[%emt 0:02:51]} h5 {[%emt 0:31:52]} 20. Bg5 {[%emt 0:08:18]} Nd7 {[%emt 0:21:41]} 21. d5 {[%emt 0:07:50]} exd5 {[%emt 0:03:17]} 22. Rxe7 {[%emt 0:06:33]} Rxe7 {[%emt 0:00:03]} 23. cxd5 {[%emt 0:00:16]} Ne5 {[%emt 0:08:28]} 24. Qf6 {[%emt 0:10:37]} Re8 {[%emt 0:00:05]} 25. Qxd8 {[%emt 0:00:15]} Raxd8 {[%emt 0:00:05]} 26. Bxd8 {[%emt 0:00:15]} Rxd8 {[%emt 0:00:03]} 27. dxc6 {[%emt 0:00:34]} bxc6 {[%emt 0:01:26]} 28. Bc2 {[%emt 0:00:12]} Rb8 {[%emt 0:00:04]} 29. Bxa4 {[%emt 0:01:37]} Rxb2 {[%emt 0:00:06]} 30. Bb3 {[%emt 0:00:45]} Kf8 {[%emt 0:05:28]} 31. Rc1 {[%emt 0:08:09]} Ke7 {[%emt 0:00:09]} 32. Rc2 {[%emt 0:02:49]} Rb1+ {[%emt 0:00:28]} 33. Kh2 {[%emt 0:00:06]} Kd6 {[%emt 0:00:47]} 34. Kg3 {[%emt 0:00:40]} Re1 {[%emt 0:02:30]} 35. Rd2+ {[%emt 0:02:06]} Kc7 {[%emt 0:00:28]} 36. Rc2 {[%emt 0:01:01]} f6 {[%emt 0:00:30]} 37. Rc3 {[%emt 0:00:17]} Kd6 {[%emt 0:01:48]} 38. f4 {[%emt 0:00:39]} Nd7 {[%emt 0:00:56]} 39. Bf7 {[%emt 0:00:17]} Re7 40. Bxg6 {[%emt 0:00:38]} Rg7 {[%emt 0:08:29]} 41. f5 {[%emt 0:00:21]} Ne5 {[%emt 0:00:04]} 42. Kf4 {[%emt 0:00:11]} Nxg6+ {[%emt 0:00:07]} 43. fxg6 {[%emt 0:00:26]} Rxg6 {[%emt 0:00:01]} 44. g3 {[%emt 0:00:14]} Rg4+ {[%emt 0:00:53]} 45. Kf5 {[%emt 0:00:17]} 1/2-1/2

[Event "XXIV ProAm Copa Clarin 2017"]
[Site "Villa Martelli"]
[Date "2017.10.03"]
[Round "4"]
[White "Montes De Oca, Juan"]
[Black "Barrionuevo, Pablo"]
[Result "0-1"]
[WhiteElo "2042"]
[BlackElo "2256"]
[Annotator "ChessBase"]
[PlyCount "78"]
[EventDate "2017.??.??"]
[EventType "swiss"]
[EventCountry "ARG"]
[SourceTitle "playchess.com"]
[Source "ChessBase"]
[SourceQuality "1"]
[TimeControl "5400+30"]

1. e4 {[%emt 0:00:25]} e6 {[%emt 0:01:22]} 2. d4 {[%emt 0:01:27]} d5 {[%emt 0:00:20]} 3. exd5 {[%emt 0:03:22]} exd5 {[%emt 0:00:23]} 4. Bd3 {[%emt 0:00:12]} Nc6 {[%emt 0:00:18]} 5. Nf3 {[%emt 0:01:57]} Bd6 {[%emt 0:00:32]} 6. Bg5 {[%emt 0:00:57]} Nge7 {[%emt 0:03:02]} 7. c3 {[%emt 0:02:06]} Bg4 {[%emt 0:01:23]} 8. Nbd2 {[%emt 0:01:43]} Qd7 {[%emt 0:00:44]} 9. Qc2 {[%emt 0:03:33]} Qe6+ {[%emt 0:14:33]} 10. Kf1 {[%emt 0:00:55]} f6 {[%emt 0:00:16]} 11. Re1 {[%emt 0:02:30]} Qd7 {[%emt 0:04:30]} 12. Bh4 {[%emt 0:00:18]} O-O-O {[%emt 0:01:26]} 13. Bg3 {[%emt 0:04:27]} Bxg3 {[%emt 0:11:21]} 14. fxg3 {[%emt 0:03:01]} h5 {[%emt 0:12:02]} 15. h3 {[%emt 0:07:03]} Bf5 {[%emt 0:05:36]} 16. Nb3 {[%emt 0:02:50]} b6 {[%emt 0:03:48]} 17. Kf2 {[%emt 0:06:31]} g5 {[%emt 0:05:18]} 18. Nc1 {[%emt 0:05:15]} Bxd3 {[%emt 0:03:56]} 19. Qxd3 {[%emt 0:01:34]} Nf5 {[%emt 0:00:46]} 20. Qe2 {[%emt 0:09:12]} Nd6 {[%emt 0:03:51]} 21. Nd2 {[%emt 0:04:34]} f5 {[%emt 0:05:23]} 22. Rhf1 {[%emt 0:03:01]} h4 {[%emt 0:04:16]} 23. gxh4 {[%emt 0:01:37]} Rxh4 {[%emt 0:01:05]} 24. Qa6+ {[%emt 0:12:41]} Kb8 {[%emt 0:00:22]} 25. Nf3 {[%emt 0:02:02]} Ne4+ {[%emt 0:03:09]} 26. Kg1 {[%emt 0:02:10]} Rh6 {[%emt 0:00:26]} 27. Nd3 {[%emt 0:00:20]} g4 {[%emt 0:01:22]} 28. Nfe5 {[%emt 0:00:09]} Nxe5 {[%emt 0:00:11]} 29. Nxe5 {[%emt 0:00:03]} Qh7 {[%emt 0:00:47]} 30. h4 {[%emt 0:00:56]} Re6 {[%emt 0:01:16]} 31. Rxe4 {[%emt 0:00:53]} dxe4 {[%emt 0:01:23]} 32. g3 {[%emt 0:00:26]} Rxe5 {[%emt 0:06:21]} 33. dxe5 {[%emt 0:00:14]} Rd3 {[%emt 0:00:11]} 34. Kg2 {[%emt 0:03:07]} Qd7 {[%emt 0:00:05]} 35. Qc4 {[%emt 0:04:07]} Rd2+ {[%emt 0:00:55]} 36. Kg1 {[%emt 0:00:20]} e3 {[%emt 0:01:57]} 37. Re1 {[%emt 0:02:44]} Rxb2 {[%emt 0:01:39]} 38. e6 {[%emt 0:03:23]} Qd6 {[%emt 0:00:46]} 39. Rxe3 {[%emt 0:01:55]} Qd2 {[%emt 0:00:05]} 0-1

[Event "XXIV ProAm Copa Clarin 2017"]
[Site "Villa Martelli"]
[Date "2017.10.04"]
[Round "5"]
[White "Mareco, Sandro"]
[Black "Sanhueza, Cristian"]
[Result "1/2-1/2"]
[WhiteElo "2649"]
[BlackElo "2263"]
[Annotator "TA"]
[PlyCount "73"]
[EventDate "2017.??.??"]
[EventType "swiss"]
[EventCountry "ARG"]
[SourceTitle "playchess.com"]
[Source "ChessBase"]
[SourceQuality "1"]

{[%evp 27,73,0,0,-14,21,28,15,18,117,70,104,73,72,43,85,-51,0,0,0,-44,-47,-80,0,0,0,0,0,-54,0,0,0,0,0,0,0,-67,-101,-103,-103,-103,-96,-103,-103,-97,0,-91,-91,-92]} 1. d4 Nf6 2. c4 g6 3. Nc3 Bg7 4. e4 d6 5. Be2 O-O 6. Nf3 e5 7. O-O exd4 8. Nxd4 Re8 9. f3 Nc6 10. Be3 Nh5 11. Nc2 Be5 {E94: King's Indian: Classical: 6 Be2 e5 7 0-0: Various Black 7th moves} 12. Nd5 Bxb2 13. g4 {[%cal Bg2g4,Bg4g5][%mdl 32]} Ng7 14. Rb1 Bf6 $1 {LiveBook: 3 Games} 15. f4 Rxe4 16. g5 Be7 $1 17. Bd3 {[#]} Bf5 $146 (17... Re6 $11 {keeps the balance.}) ({Predecessor:} 17... Re6 18. Bc1 f6 19. h4 fxg5 20. hxg5 Bf8 21. Nce3 Nh5 22. f5 Bg7 23. fxe6 Bxe6 24. Bf5 Bf7 25. Bg4 {1-0 (25) Ding,L (2695)-Mamedov,R (2634) Istanbul 2012}) 18. Rxb7 Ne6 19. Bxe4 Bxe4 20. Re1 Bxg5 21. Bc1 {[#]} (21. fxg5 $16 Nxg5 22. Bf4 Nf3+ 23. Kf2 Nxe1 24. Nxe1) 21... Bxc2 ({Better is} 21... Bxf4 $1 $15 {[%mdl 512]} 22. Rxe4 (22. Bxf4 Nxf4) 22... Qg5+ 23. Kh1 Bxc1) 22. Qxc2 $11 Bh4 23. Rd1 (23. Rf1 $5 {[%cal Rf4f5]}) 23... Qc8 24. Rb1 {[#]} Ned4 (24... Ncd4 $1 $17 {[%cal Rd4c2]} 25. Qd3 c6) 25. Qg2 Qf5 26. Be3 Re8 27. Rbc1 ({White should play} 27. Kh1 $11) 27... Qh5 (27... Re4 $15) 28. Bxd4 Nxd4 29. Rxd4 {Threatens to win with Re4.} Re2 30. Qf1 {Hoping for Kh1.} c6 $36 {[%mdl 2048] Black has good play.} 31. h3 ({Not} 31. Nc3 $2 Qg4+ 32. Kh1 Rf2 $19) (31. Kh1 $11 cxd5 32. Qh3) 31... cxd5 $15 32. Rxd5 f5 {And now ...Bf2+ would win.} 33. Rd3 Bf2+ ({Much weaker is} 33... Rxa2 $6 34. Rf3 $11) 34. Kh1 Be3 35. Rb1 {[#]} Rf2 (35... Kg7 $1 $17) 36. Rxe3 (36. Rb8+ $11 {remains equal.} Kf7 37. Rb7+ Kf8 38. Rb8+ Kf7 39. Rb7+ Kf8 40. Rb8+ Kf7) 36... Rxf1+ $17 37. Rxf1 {Precision: White = 32%, Black = 50%.} 1/2-1/2

[Event "XXIV ProAm Copa Clarin 2017"]
[Site "Villa Martelli"]
[Date "2017.10.04"]
[Round "5"]
[White "Valerga, Diego"]
[Black "Leon, Juan Carlos"]
[Result "1-0"]
[WhiteElo "2452"]
[BlackElo "2172"]
[Annotator "TA"]
[PlyCount "98"]
[EventDate "2017.??.??"]
[EventType "swiss"]
[EventCountry "ARG"]
[SourceTitle "playchess.com"]
[Source "ChessBase"]
[SourceQuality "1"]

{[%evp 14,98,22,3,24,20,16,23,35,30,34,22,6,9,58,56,65,65,72,55,72,37,96,92,90,93,90,110,85,86,89,46,41,43,79,76,81,94,78,85,208,209,214,218,238,243,238,225,227,192,199,190,149,137,126,136,137,128,164,160,266,169,381,374,572,568,567,605,598,564,550,550,550,536,462,310,289,310,2682,2044,1761,1618,29973,29974,29978,29979,29977]} 1. d4 d5 2. c4 c6 3. Nc3 Nf6 4. e3 a6 5. Qc2 e6 6. Nf3 Nbd7 7. Bd2 Bd6 8. g4 {LiveBook: 6 Games. D45: Semi-Slav: 5 e3} (8. e4 dxe4 9. Nxe4 Nxe4 10. Qxe4 c5 11. dxc5 Nxc5 12. Qc2 e5 13. b4 Ne6 14. c5 Bc7 15. Rd1 Qf6 {1-0 (48) Potkin,V (2621)-Korobov,A (2680) Dubai 2014}) 8... Nxg4 9. Rg1 Qf6 $146 ({Predecessor:} 9... h5 10. h3 f5 11. cxd5 cxd5 12. hxg4 hxg4 13. e4 dxe4 14. Ng5 Nf8 15. O-O-O Bd7 16. Ngxe4 fxe4 17. Qxe4 {0-1 (34) Aramil,W (2215)-Almeida Saenz,A (2400) Las Vegas 2006}) 10. Rxg4 {Threatens to win with Be2.The position is equal.} Qxf3 11. Rxg7 Nf6 {next ...Ng4 is good for Black.} 12. Bg2 Qh5 {Hoping for ...Qh6.} 13. e4 {Strongly threatening e5.} dxe4 14. Nxe4 Nxe4 15. Qxe4 ({Don't play} 15. Bxe4 f5 $11) 15... Bd7 16. c5 Bc7 17. Bf4 f5 (17... Bxf4 $14 18. Qxf4 O-O-O) 18. Qe3 $1 $16 Bxf4 19. Qxf4 $40 {[%mdl 128] White has strong attack.} O-O-O 20. Bf3 e5 21. dxe5 Qe8 22. Rc1 Qe6 23. b3 Rhe8 24. Kf1 ({Much weaker is} 24. Rxh7 Qg6 $11) 24... Qxe5 25. Qxe5 Rxe5 26. Rxh7 Be6 (26... Rg8 $16) 27. Re1 $18 Rxe1+ 28. Kxe1 Bd5 29. Bxd5 Rxd5 {[%mdl 4096] Endgame KR-KR} 30. h4 {[%cal Bh2h4,Bh4h5][%mdl 32]} Rxc5 31. h5 Rc1+ 32. Ke2 Rh1 33. Kf3 c5 34. Kf4 b5 35. Kg5 Rg1+ 36. Kxf5 Rg2 (36... Rh1 $16 37. Ke5 Rh4) 37. f4 {And now h6 would win.} c4 $2 (37... Rxa2 {keeps fighting.} 38. Rh8+ Kb7) 38. bxc4 bxc4 (38... Rxa2 $142 39. Rh8+ Kb7 40. cxb5 axb5) 39. Re7 Rh2 40. Kg6 $1 Rg2+ 41. Kf6 c3 42. Re3 c2 43. Rc3+ Kd7 44. f5 {[%cal Bf4f5,Bf5f6][%mdl 32]} Rh2 {[#]} 45. Kg6 $1 Rg2+ $2 {[#]} (45... Rf2 46. h6 Ke7) 46. Kf7 $1 Rh2 47. f6 Rxh5 48. Rxc2 Rh7+ 49. Kg8 Rh1 {Precision: White = 77%, Black = 47%.} 1-0